Vývoj migrácie a jej súčasný stav vo vybraných regiónoch SR diplomová práca

Guardado en:
Detalles Bibliográficos
Autor principal: Dobáková, Zuzana
Autor Corporativo: Národohospodárska fakulta EU. Katedra verejnej správy a regionálneho rozvoja
Otros Autores: Vlčková, Viera
Formato: Libro
Lenguaje:eslovaco
Publicado: Bratislava 2010
Etiquetas: Agregar Etiqueta
Sin Etiquetas, Sea el primero en etiquetar este registro!

MARC

LEADER 00000nam$a2200000$$$4500
001 0120793
005 20240318123906.0
041 0 |a slo 
044 |a SK 
245 1 0 |a Vývoj migrácie a jej súčasný stav vo vybraných regiónoch SR  |b diplomová práca  |c Zuzana Dobáková ; škol. Viera Vlčková 
264 1 |a Bratislava  |c 2010 
300 |a 72 s. 
100 1 |a Dobáková, Zuzana 
700 1 |a Vlčková, Viera 
710 2 |a Národohospodárska fakulta EU. Katedra verejnej správy a regionálneho rozvoja